Law in practice in Nigeria (Record no. 41313)

MARC details
000 -LEADER
fixed length control field 00302nam a2200133Ia 4500
050 ## - CALL MARK
Classification number KP 64 .O5/
100 ## - STATEMENT OF RESPONSIBILITY--MAIN AUTHOR NAME
Personal name Obi Okoye, A.
245 #0 - TITLE STATEMENT
Title Law in practice in Nigeria
250 ## - EDITION / VOLUME STATEMENT
Edition / Volume statement 2nd ed.
300 ## - PHYSICAL DESCRIPTION
Number of Pages 600 p
942 ## - ADDED ENTRY ELEMENTS (KOHA)
Koha item type Books
Holdings
Withdrawn status Lost status Source of classification or shelving scheme Damaged status Not for loan Permanent Location Current Location Shelving location Date acquired Accession Number Price effective from Koha item type
    Library of Congress Classification     Law Library Law Library Items on shelf 06/03/2025 0191445 06/03/2025 Books
    Library of Congress Classification     Law Library Law Library Items on shelf 06/03/2025 0191446 06/03/2025 Books